000 00606nam a2200169Ia 4500
008 090201s9999 xx 000 0 und d
010 _aKPL-57278
040 _bमराठी
041 _aमराठी
082 _a42514
_b57278
100 _aसदाशिव आठवले
245 _aरामायण - एका माणसाची कथा
_cसदाशिव आठवले
260 _c2005
_bश्रीविद्या प्रकाशन
300 _a194
_bमोठा
600 _aरामायण - एका माणसाची कथा
942 _cBOOK
999 _c239615
_d239615